Tools for the electronic age (Record no. 73480)
[ view plain ]
| 000 -LEADER | |
|---|---|
| fixed length control field | 01523cam a2200229 4500 |
| 001 - CONTROL NUMBER | |
| control field | ABS67099 |
| 008 - FIXED-LENGTH DATA ELEMENTS--GENERAL INFORMATION | |
| fixed length control field | 030930n2003 000 0 eng u |
| 035 ## - SYSTEM CONTROL NUMBER | |
| System control number | (Sirsi) u123750 |
| 100 ## - MAIN ENTRY--PERSONAL NAME | |
| Personal name | Johnston, B. |
| 245 ## - TITLE STATEMENT | |
| Title | Tools for the electronic age |
| 260 ## - PUBLICATION, DISTRIBUTION, ETC. | |
| Date of publication, distribution, etc. | 2003 |
| 490 ## - SERIES STATEMENT | |
| Series statement | Planning (for the Natural and Built Environment) |
| Volume/sequential designation | (1536) 12 September 2003, 15-16(2) |
| 520 ## - SUMMARY, ETC. | |
| Summary, etc. | Looks at the ever-increasing application of GIS technology to planning services in the context of the government's e-government demand that all local authority services should be able to deliver 100% of their services electronically by 2005. Examines efforts by the GIS producers to meet the challenge of creating inter-operable systems, which can integrate data from different sources and systems and on developing public interfaces to the systems. Examines in detail a recent review carried out by Peter Pendleton and Associates, which assessed 371 local authority planning websites in terms of their public interest and usability. Describes examples of electronic planning service delivery such as online application submissions and stresses the importance of understanding users' needs. Concludes that the majority of planning authorities will meet their 2005 etargets. |
| 590 ## - LOCAL NOTE (RLIN) | |
| Local note | ABS |
| 650 ## - SUBJECT ADDED ENTRY--TOPICAL TERM | |
| Topical term or geographic name entry element | ELECTRONIC PLANNING SYSTEMS |
| 650 ## - SUBJECT ADDED ENTRY--TOPICAL TERM | |
| Topical term or geographic name entry element | ONLINE PLANNING |
| 650 ## - SUBJECT ADDED ENTRY--TOPICAL TERM | |
| Topical term or geographic name entry element | GIS |
| 650 ## - SUBJECT ADDED ENTRY--TOPICAL TERM | |
| Topical term or geographic name entry element | LAND SEARCHES |
| 650 ## - SUBJECT ADDED ENTRY--TOPICAL TERM | |
| Topical term or geographic name entry element | DEVELOPMENT CONTROL |
| 690 ## - LOCAL SUBJECT ADDED ENTRY--TOPICAL TERM (OCLC, RLIN) | |
| Topical term or geographic name as entry element | ENVIRONMENTAL AND LAND CONSULTANCY-PLANNING AND DEVELOPMENT |
| 942 ## - ADDED ENTRY ELEMENTS (KOHA) | |
| Suppress in OPAC | 0 |
| Withdrawn status | Lost status | Source of classification or shelving scheme | Damaged status | Not for loan | Home library | Current library | Shelving location | Date acquired | Total Checkouts | Full call number | Barcode | Date last seen | Copy number | Price effective from | Koha item type |
|---|---|---|---|---|---|---|---|---|---|---|---|---|---|---|---|
| Dewey Decimal Classification | London | London | Journal article | 30/09/2003 | ABS67099 | 123750-1001 | 06/08/2019 | 1 | 06/08/2019 | Journal article |